000169731 001__ 169731
000169731 005__ 20260304131018.0
000169731 037__ $$aTAZ-TFG-2026-157
000169731 041__ $$aeng
000169731 1001_ $$aAndreu Ordoñez, Marina
000169731 24200 $$aTeaching English through Literature: A Task-Based and Cooperative Learning Approach in Primary Education
000169731 24500 $$aTeaching English through Literature: A Task-Based and Cooperative Learning Approach in Primary Education
000169731 260__ $$aZaragoza$$bUniversidad de Zaragoza$$c2026
000169731 300__ $$ematerial-fisico-adicional
000169731 506__ $$aby-nc-sa$$bCreative Commons$$c3.0$$uhttp://creativecommons.org/licenses/by-nc-sa/3.0/
000169731 520__ $$aThis final degree project proposes a literature-based intervention for teaching English as a foreign language in the 5th year of primary education, using The Cook and the King (Julia Donaldson) as the main narrative resource. The proposal is based on communicative language teaching and integrates three complementary methodological pillars: storytelling as a source of understandable and motivating information, cooperative learning to ensure interaction and inclusion, and task-based language teaching as the main framework for organising learning around meaningful outcomes.The intervention is structured in a sequence of seven sessions in which students progressively move from vocabulary activation and overall comprehension of the story to increasingly complex communicative tasks focused on food, healthy habits, and cultural diversity through gastronomy.<br /><br />
000169731 521__ $$aGraduado en Magisterio en Educación Primaria
000169731 540__ $$aDerechos regulados por licencia Creative Commons
000169731 691__ $$a3
000169731 692__ $$aThis Final Degree Project contributes to the Sustainable Development Goal, especially Good Health and Well-Being, as the intervention promotes healthy eating habits, physical activity, and personal well-being through meaningful learning tasks
000169731 700__ $$aLuis Roberto de Juan Hatchard$$edir.
000169731 7102_ $$aUniversidad de Zaragoza$$bCiencias de la Educación$$c
000169731 8560_ $$f817664@unizar.es
000169731 8564_ $$s30973173$$uhttps://zaguan.unizar.es/record/169731/files/TAZ-TFG-2026-157.pdf$$yMemoria (eng)
000169731 909CO $$ooai:zaguan.unizar.es:169731$$pdriver$$ptrabajos-fin-grado
000169731 950__ $$a
000169731 951__ $$adeposita:2026-03-04
000169731 980__ $$aTAZ$$bTFG$$cFCHE
000169731 999__ $$a20260126185219.CREATION_DATE